000 00204 a2200097 4500
001 6435
100 _aGovt Of Pakistan
245 _aGuide to Pakistan
260 _a
_bGovt of Pak
_c
090 _c5295
_d5295
942 _aNUST-CAE
_cM
_c31706
999 _c241508
_d241508